Metodologija ispoľzovanija osnov elektronnogo obučenija
Význam elektronického vzdelávania v súčasnosti. Elektronické vzdelávanie a nová štruktúra vyučovacieho procesu.
Salvato in:
| Autore principale: | |
|---|---|
| Altri autori: | , |
| Natura: | Capitolo di libro |
| Lingua: | russo |
| Soggetti: | |
| Tags: |
Nessun Tag, puoi essere il primo ad aggiungerne!!
|
MARC
| LEADER | 00000naa a2200000 4500 | ||
|---|---|---|---|
| 001 | 0152772 | ||
| 005 | 20240502083348.0 | ||
| 041 | 0 | |a rus | |
| 044 | |a KZ | ||
| 245 | 1 | 0 | |a Metodologija ispoľzovanija osnov elektronnogo obučenija |c A. K. Aľžanov, M. Serik, Ja. Kultan |
| 520 | |a Význam elektronického vzdelávania v súčasnosti. Elektronické vzdelávanie a nová štruktúra vyučovacieho procesu. | ||
| 610 | 2 | 0 | |a vzdelávanie elektronické |
| 610 | 2 | 0 | |a technológie informačné |
| 610 | 2 | 0 | |a technológie komunikačné |
| 610 | 2 | 0 | |a učitelia |
| 610 | 2 | 0 | |a študenti |
| 610 | 2 | 0 | |a vyučovanie |
| 100 | 1 | |a Aľžanov, A. K. | |
| 700 | 1 | |a Serik, Meruet | |
| 700 | 1 | |a Kultan, Jaroslav, 1960- | |